De los negocios jurídicos en el derecho privado colombiano : (Registro nro. 29155)

Detalles MARC
000 -LEADER
fixed length control field 01155nam a2200241Ia 4500
003 - CONTROL NUMBER IDENTIFIER
control field CO-CtgCURN
005 - DATE AND TIME OF LATEST TRANSACTION
control field 20250408220437.0
008 - FIXED-LENGTH DATA ELEMENTS--GENERAL INFORMATION
fixed length control field 190723s1998 xx 000 0 spa d
020 ## - INTERNATIONAL STANDARD BOOK NUMBER
International Standard Book Number 9589606466
040 ## - CATALOGING SOURCE
Original cataloging agency CO-CtgCURN
Language of cataloging spa
Transcribing agency coctgcurn
082 ## - DEWEY DECIMAL CLASSIFICATION NUMBER
Classification number 346.02
Item number B677
100 ## - MAIN ENTRY--PERSONAL NAME
Personal name Bohórquez Orduz, Antonio
Relator term autor
9 (RLIN) 4951
245 #0 - TITLE STATEMENT
Title De los negocios jurídicos en el derecho privado colombiano :
Remainder of title anotaciones para una teoría general: noción; elementos estructurales; eficacia e Ineficacia /
Statement of responsibility, etc. Antonio Bohórquez Orduz
260 ## - PUBLICATION, DISTRIBUTION, ETC.
Place of publication, distribution, etc. Bucaramanga :
Name of publisher, distributor, etc. Universidad Autonoma de Bucaramanga,
Date of publication, distribution, etc. 1998
300 ## - PHYSICAL DESCRIPTION
Extent 218 páginas ;
Dimensions 28 centímetros
505 ## - FORMATTED CONTENTS NOTE
Formatted contents note Cap.1. Precisiones preliminares -- Cap.2. Elaboración del concepto negocio jurídico -- Cap.3. Elementos estructurales del negocio -- Cap.4. Ineficacia del negocio jurídico -- Cap.5. Eficacia del negocio jurídico.
521 ## - TARGET AUDIENCE NOTE
Target audience note AREA PROFESIONAL
590 ## - LOCAL NOTE (RLIN)
Local note Programa de Derecho_18
650 ## - SUBJECT ADDED ENTRY--TOPICAL TERM
Topical term or geographic name entry element Contratos
9 (RLIN) 4952
650 ## - SUBJECT ADDED ENTRY--TOPICAL TERM
Topical term or geographic name entry element Derecho privado
Geographic subdivision Colombia
9 (RLIN) 7312
942 ## - ADDED ENTRY ELEMENTS (KOHA)
Koha item type Libros
Classification part 346.02
Item part B677
Source of classification or shelving scheme Dewey Decimal Classification
Suppress in OPAC No
Existencias
Withdrawn status Lost status Source of classification or shelving scheme Damaged status Not for loan Collection Home library Current library Shelving location Date acquired Inventory number Total checkouts Full call number Barcode Date last seen Date last checked out Copy number Price effective from Koha item type
    Dewey Decimal Classification       Miguel Henríquez Castañeda Barranquilla Miguel Henríquez Castañeda Barranquilla General 05/23/2018 03554 1 346.02 B677 03554 11/15/2024 11/15/2024 v.1 ej.1 07/23/2019 Libros